Think like a ceo (Record no. 241404)
[ view plain ]
| 000 -LEADER | |
|---|---|
| fixed length control field | 01436nam a22002417a 4500 |
| 005 - DATE AND TIME OF LATEST TRANSACTION | |
| control field | 20260507101523.0 |
| 008 - FIXED-LENGTH DATA ELEMENTS--GENERAL INFORMATION | |
| fixed length control field | 260507b |||||||| |||| 00| 0 eng d |
| 020 ## - INTERNATIONAL STANDARD BOOK NUMBER | |
| International Standard Book Number | 9788198845450 |
| 040 ## - CATALOGING SOURCE | |
| Transcribing agency | AL |
| 041 ## - LANGUAGE CODE | |
| Language code of text/sound track or separate title | English |
| 082 ## - DEWEY DECIMAL CLASSIFICATION NUMBER | |
| Classification number | 658.4092 |
| Item number | MORT |
| 100 ## - MAIN ENTRY--PERSONAL NAME | |
| Personal name | Byron Morrison |
| 100 ## - MAIN ENTRY--PERSONAL NAME | |
| 9 (RLIN) | 263425 |
| 245 ## - TITLE STATEMENT | |
| Title | Think like a ceo |
| Remainder of title | : stop reacting get out of your own head and take control of your role |
| 260 ## - PUBLICATION, DISTRIBUTION, ETC. | |
| Place of publication, distribution, etc. | Ahmedabad |
| Name of publisher, distributor, etc. | Jaico Publishing House |
| Date of publication, distribution, etc. | 2025 |
| 300 ## - PHYSICAL DESCRIPTION | |
| Extent | 188 p. |
| Other physical details | PB |
| Dimensions | 22x14 cm. |
| 365 ## - TRADE PRICE | |
| Price type code | 6831 |
| Price amount | ₹319.00 |
| Currency code | ₹ |
| Unit of pricing | ₹399.00 |
| Price note | 20% |
| Price effective from | 14-03-2026 |
| 520 ## - SUMMARY, ETC. | |
| Summary, etc. | Discover How to Master the Mental Game Needed to Become a Highly Effective CEO.<br/>THINK LIKE A CEO will show you everything from getting out of a reactive state to how to balance short-term problems with long-term priorities.<br/>You’ll also discover how to determine what to focus on and prioritize, make strategic decisions, leam to trust your own intuition and get out of your own head.<br/>Learn all about the strategies top CEOs use to ensure they can confidently navigate the challenges that come with running and growing a business.<br/>By the end, you’ll have the mindset needed to maximize your time, lead with confidence and grow a business without losing your sanity. |
| 650 ## - SUBJECT ADDED ENTRY--TOPICAL TERM | |
| Topical term or geographic name entry element | Leadership |
| 9 (RLIN) | 263415 |
| 650 ## - SUBJECT ADDED ENTRY--TOPICAL TERM | |
| Topical term or geographic name entry element | Chief executive officers |
| 9 (RLIN) | 263416 |
| 650 ## - SUBJECT ADDED ENTRY--TOPICAL TERM | |
| Topical term or geographic name entry element | Strategic management |
| 9 (RLIN) | 263417 |
| 650 ## - SUBJECT ADDED ENTRY--TOPICAL TERM | |
| Topical term or geographic name entry element | Organizational behavior |
| 9 (RLIN) | 263418 |
| 942 ## - ADDED ENTRY ELEMENTS (KOHA) | |
| Source of classification or shelving scheme | Dewey Decimal Classification |
| Koha item type | Book |
| Withdrawn status | Lost status | Source of classification or shelving scheme | Damaged status | Not for loan | Collection code | Home library | Current library | Shelving location | Date acquired | Source of acquisition | Cost, normal purchase price | Total Checkouts | Full call number | Barcode | Date last seen | Date last checked out | Cost, replacement price | Price effective from | Koha item type |
|---|---|---|---|---|---|---|---|---|---|---|---|---|---|---|---|---|---|---|---|
| Dewey Decimal Classification | Management | St Aloysius Library | St Aloysius Library | Stack Section | 03/17/2026 | Biblios Book Point, Surathkal-575014 | 319.00 | 1 | 658.4092 MORT | 078118 | 06/24/2026 | 06/18/2026 | 399.00 | 03/14/2026 | Book |